000 00895nam a2200289Ia 4500
001 418818
003 EC-QuCCB
005 20240415124231.0
007 ta
008 130917b ec gr 000 0bs d
040 _aEC-QuCCB
041 0 _aspa
043 _as-ec
082 _a923
_bI2912c
084 _aFER2La000384
100 1 _919431
_aCostales, Marcela‏,
245 1 0 _aAlonso de Illescas:
_bel gobernador negro
_cMarcela Costales
260 _a[Quito], Ecuador :
_bPresidencia de la Repùblica,
_c[Fecha de publicación no identificada]
300 _a66 páginas ;
_c15 cm
336 _atexto
_btxt
337 _ano mediado
_bn
338 _avolumen
_bnc
490 _aGenerala Manuela Sáenz. Biografías hombres y mujeres forjadores de la patria ;
_vnúmero 4
600 1 0 _919482
_aIllescas, Alonso de,
_d1528-1585
651 _916868
_aEcuador
_xHistoria
942 _2loc
_cBK
999 _c10596
_d10596